000
00306nam a22001337a 4500
008
170131b xxu||||| |||| 00| 0 eng d
020
_a
0910701814
041
_a
eng
080
_2
2ND
_a
61
100
_a
3
101
_a
SHM
245
_a
THE WELL-MANAGED COMMUNITYH OSPITAL
_c
GRIFFITH, J.R
942
_2
udc
_c
BK
999
_c
4108
_d
4108